000 00315nam a2200121Ia 4500
008 220217s9999||||xx |||||||||||||| ||und||
082 _a894.814 1SHA
100 _aShasidhar, P Babu, Mahesh, N
_93670
245 0 _aJnana deepthi
260 _aSamvhana
_bMysore
_c2002
300 _b120
650 _aGENERAL BOOKS
999 _c172391
_d172391